<?xml version="1.0" encoding="UTF-8"?>
<collection xmlns="http://www.loc.gov/MARC21/slim">
 <record>
  <leader>01015pam a22002418a 4500</leader>
  <controlfield tag="001">00041867</controlfield>
  <controlfield tag="008">111219s2001                  ||||||Engsd</controlfield>
  <controlfield tag="005">20190420160424.0</controlfield>
  <datafield tag="020" ind1="#" ind2="#">
   <subfield code="a">9783990458259</subfield>
  </datafield>
  <datafield tag="041" ind1="0" ind2="#">
   <subfield code="a">Eng</subfield>
  </datafield>
  <datafield tag="082" ind1="1" ind2="4">
   <subfield code="a">428</subfield>
   <subfield code="b">A104J</subfield>
  </datafield>
  <datafield tag="100" ind1="1" ind2="#">
   <subfield code="a">Revell, Jane</subfield>
  </datafield>
  <datafield tag="245" ind1="1" ind2="0">
   <subfield code="c">Jane Revell, Mary Tomalin</subfield>
   <subfield code="a">American Jetstream</subfield>
   <subfield code="p">Student's book &amp; Workbook</subfield>
   <subfield code="n">Pre-intermediate B</subfield>
  </datafield>
  <datafield tag="260" ind1="#" ind2="#">
   <subfield code="a">London</subfield>
   <subfield code="b">Helbling languages</subfield>
   <subfield code="c">2017</subfield>
  </datafield>
  <datafield tag="300" ind1="#" ind2="#">
   <subfield code="a">79; 41 p.</subfield>
   <subfield code="b">ill.</subfield>
   <subfield code="c">30 cm.</subfield>
   <subfield code="e">1 CD</subfield>
  </datafield>
  <datafield tag="653" ind1="#" ind2="#">
   <subfield code="a">Ngôn ngữ</subfield>
  </datafield>
  <datafield tag="653" ind1="#" ind2="#">
   <subfield code="a">Sách học sinh</subfield>
  </datafield>
  <datafield tag="653" ind1="#" ind2="#">
   <subfield code="a">Tiếng Anh</subfield>
  </datafield>
  <datafield tag="653" ind1="#" ind2="#">
   <subfield code="a">Tự học</subfield>
  </datafield>
  <datafield tag="700" ind1="1" ind2="#">
   <subfield code="a">Tomalin, Mary</subfield>
  </datafield>
  <datafield tag="852" ind1="#" ind2="#">
   <subfield code="j">KGT.0053679</subfield>
   <subfield code="j">KGT.0053689</subfield>
   <subfield code="j">KGT.0053690</subfield>
   <subfield code="j">KD.0024634</subfield>
   <subfield code="j">KGT.0053688</subfield>
   <subfield code="j">KGT.0053685</subfield>
   <subfield code="j">KGT.0053681</subfield>
   <subfield code="j">KGT.0053680</subfield>
   <subfield code="j">KGT.0053687</subfield>
   <subfield code="j">KGT.0053683</subfield>
   <subfield code="j">KGT.0053684</subfield>
   <subfield code="j">KGT.0053686</subfield>
   <subfield code="j">KGT.0053676</subfield>
   <subfield code="j">KD.0024632</subfield>
   <subfield code="j">KD.0024635</subfield>
   <subfield code="j">KGT.0053678</subfield>
   <subfield code="j">KGT.0053691</subfield>
   <subfield code="j">KD.0024630</subfield>
   <subfield code="j">KD.0024642</subfield>
   <subfield code="j">KGT.0053682</subfield>
  </datafield>
  <datafield tag="910" ind1="#" ind2="#">
   <subfield code="d">08/08/2018</subfield>
   <subfield code="f">20/04/2019</subfield>
   <subfield code="e">dtchanh</subfield>
  </datafield>
  <datafield tag="980" ind1="#" ind2="#">
   <subfield code="a">Trung tâm Học liệu Lê Vũ Hùng, Trường Đại học Đồng Tháp</subfield>
  </datafield>
 </record>
</collection>
